Normal view MARC view

Entry Personal Name

Number of records used in: 1

001 - CONTROL NUMBER

  • control field: 34168

003 - CONTROL NUMBER IDENTIFIER

  • control field: OSt

005 - DATE AND TIME OF LATEST TRANSACTION

  • control field: 20220328085847.0

008 - FIXED-LENGTH DATA ELEMENTS

  • fixed length control field: 220328|| aca||aabn | a|a d

040 ## - CATALOGING SOURCE

  • Original cataloging agency: OSt
  • Transcribing agency: OSt

100 ## - HEADING--PERSONAL NAME

  • Personal name: Pettersson, C. B.
  • Fuller form of name: (C. Bernt)

670 ## - SOURCE DATA FOUND

  • Source citation: Work cat.: (OSt)33649: Geographic Information Systems (GIS) and mapping :, c1992.